000 01071nam a22002537a 4500
001 3638
003 FISKH
005 20240402091755.0
008 240402b cb ||||| |||| 00| 0 eng d
020 _a12345854
040 _aFISKH
_bkhr
_cFISKH
_dFISKH
050 _aPZ7
082 _a540
100 _aThavy, Chey
245 _aគីមី​វិទ្យា​ថ្នាក់​ទី​១​២​ :
_bកំណែ​មេ​រៀន និង​លំ​ហាត់​លម្អិត (​ភាគ ១​) /
_cរៀបរៀងដោយ : សាស្ត្រាចារ្យ ជ័យ ថាវី
260 _aPhnom Penh :
_bBak Touk 2,
_c2014.
300 _a247 pages :
_c20 cm
520 _aគីមីវិទ្យាថ្នាក់ទី១២៖ កំណែមេរៀន និងលំហាត់លម្អិត (ភាគ ១)
520 _aChemistry Grade 12: Detailed Lessons and Exercises (Part 1)
650 _aChemistry
650 _aគីមីវិទ្យា
942 _2ddc
_cKHB
_n0
999 _c3638
_d3638